000
00267nam a2200121Ia 4500
100
_a
Belonogov
650
_a
Chemistry
942
_c
BK
245
_a
Automated Information Retrieval Systems
260
_b
Mir Publishers
_c
2001
082
_a
25.4
546
_a
ENGLISH
999
_c
20824
_d
20824